| 000 | 00655nam a2200229Ia 4500 | ||
|---|---|---|---|
| 001 | 12390 | ||
| 003 | GE_BSU | ||
| 008 | 181216s||||||||xx |||||||||||||| ||und|| | ||
| 040 | _cGE_BSU | ||
| 080 | _a551.3.051 | ||
| 100 | _aДафф,П. | ||
| 245 | _aЦикличность осадконакопления | ||
| 245 | _bФундаментальные труды | ||
| 245 | _cРед.М.В.Федорова | ||
| 260 | _aМосква | ||
| 260 | _bМир | ||
| 260 | _c1971 | ||
| 300 | _a283стр.27см. | ||
| 653 | _aФундаментальные труды | ||
| 653 | _aЦикличность осадконакопления | ||
| 942 | _cBK | ||
| 999 |
_c45564 _d45564 |
||